<?xml version="1.0" encoding="UTF-8"?>
<record
    xmlns:xsi="http://www.w3.org/2001/XMLSchema-instance"
    xsi:schemaLocation="http://www.loc.gov/MARC21/slim http://www.loc.gov/standards/marcxml/schema/MARC21slim.xsd"
    xmlns="http://www.loc.gov/MARC21/slim">

  <leader>00492nam a22001817a 4500</leader>
  <controlfield tag="003">OSt</controlfield>
  <controlfield tag="008">251015b        |||||||| |||| 00| 0 eng d</controlfield>
  <datafield tag="020" ind1=" " ind2=" ">
    <subfield code="a">9789355401991</subfield>
  </datafield>
  <datafield tag="082" ind1=" " ind2=" ">
    <subfield code="a">333.72</subfield>
    <subfield code="b">D22E</subfield>
  </datafield>
  <datafield tag="100" ind1=" " ind2=" ">
    <subfield code="a">Das, Rajib Kumar.</subfield>
  </datafield>
  <datafield tag="245" ind1=" " ind2=" ">
    <subfield code="a">Environmental Economics / </subfield>
    <subfield code="c">by Rajib Kumar Das</subfield>
  </datafield>
  <datafield tag="260" ind1=" " ind2=" ">
    <subfield code="a">.- Ludhiana</subfield>
    <subfield code="b">: Kalyani Publishers</subfield>
    <subfield code="c">, 2024</subfield>
  </datafield>
  <datafield tag="300" ind1=" " ind2=" ">
    <subfield code="a">(1.2-6.41)p.</subfield>
  </datafield>
  <datafield tag="650" ind1=" " ind2=" ">
    <subfield code="a">Social Sciences</subfield>
  </datafield>
  <datafield tag="650" ind1=" " ind2=" ">
    <subfield code="a">Economics</subfield>
  </datafield>
  <datafield tag="650" ind1=" " ind2=" ">
    <subfield code="a">Environmental Economics</subfield>
  </datafield>
  <datafield tag="942" ind1=" " ind2=" ">
    <subfield code="2">ddc</subfield>
    <subfield code="c">BK</subfield>
    <subfield code="0">2</subfield>
  </datafield>
  <datafield tag="999" ind1=" " ind2=" ">
    <subfield code="c">49094</subfield>
    <subfield code="d">49094</subfield>
  </datafield>
  <datafield tag="952" ind1=" " ind2=" ">
    <subfield code="0">0</subfield>
    <subfield code="1">0</subfield>
    <subfield code="2">ddc</subfield>
    <subfield code="4">0</subfield>
    <subfield code="7">0</subfield>
    <subfield code="a">RAU</subfield>
    <subfield code="b">RAU</subfield>
    <subfield code="d">2025-10-15</subfield>
    <subfield code="e">DBA, Delhi</subfield>
    <subfield code="g">195.00</subfield>
    <subfield code="l">0</subfield>
    <subfield code="o">333.72 D22E</subfield>
    <subfield code="p">84908</subfield>
    <subfield code="r">2025-10-15</subfield>
    <subfield code="w">2025-07-15</subfield>
    <subfield code="y">BK</subfield>
    <subfield code="k">DBS/004/2025-2026</subfield>
  </datafield>
  <datafield tag="952" ind1=" " ind2=" ">
    <subfield code="0">0</subfield>
    <subfield code="1">0</subfield>
    <subfield code="2">ddc</subfield>
    <subfield code="4">0</subfield>
    <subfield code="7">0</subfield>
    <subfield code="a">RAU</subfield>
    <subfield code="b">RAU</subfield>
    <subfield code="d">2025-10-15</subfield>
    <subfield code="e">DBA, Delhi</subfield>
    <subfield code="g">195.00</subfield>
    <subfield code="l">0</subfield>
    <subfield code="o">333.72 D22E</subfield>
    <subfield code="p">84909</subfield>
    <subfield code="r">2025-10-15</subfield>
    <subfield code="w">2025-07-15</subfield>
    <subfield code="y">BK</subfield>
    <subfield code="k">DBS/004/2025-2026</subfield>
  </datafield>
  <datafield tag="952" ind1=" " ind2=" ">
    <subfield code="0">0</subfield>
    <subfield code="1">0</subfield>
    <subfield code="2">ddc</subfield>
    <subfield code="4">0</subfield>
    <subfield code="7">0</subfield>
    <subfield code="a">RAU</subfield>
    <subfield code="b">RAU</subfield>
    <subfield code="d">2025-10-15</subfield>
    <subfield code="e">DBA, Delhi</subfield>
    <subfield code="g">195.00</subfield>
    <subfield code="l">1</subfield>
    <subfield code="o">333.72 D22E</subfield>
    <subfield code="p">84910</subfield>
    <subfield code="q">2026-05-22</subfield>
    <subfield code="r">2026-05-08</subfield>
    <subfield code="s">2026-05-08</subfield>
    <subfield code="w">2025-07-15</subfield>
    <subfield code="y">BK</subfield>
    <subfield code="k">DBS/004/2025-2026</subfield>
  </datafield>
  <datafield tag="952" ind1=" " ind2=" ">
    <subfield code="0">0</subfield>
    <subfield code="1">0</subfield>
    <subfield code="2">ddc</subfield>
    <subfield code="4">0</subfield>
    <subfield code="7">0</subfield>
    <subfield code="a">RAU</subfield>
    <subfield code="b">RAU</subfield>
    <subfield code="d">2025-10-15</subfield>
    <subfield code="e">DBA, Delhi</subfield>
    <subfield code="g">195.00</subfield>
    <subfield code="l">1</subfield>
    <subfield code="o">333.72 D22E</subfield>
    <subfield code="p">84911</subfield>
    <subfield code="r">2026-05-08</subfield>
    <subfield code="s">2026-04-25</subfield>
    <subfield code="w">2025-07-15</subfield>
    <subfield code="y">BK</subfield>
    <subfield code="k">DBS/004/2025-2026</subfield>
  </datafield>
  <datafield tag="952" ind1=" " ind2=" ">
    <subfield code="0">0</subfield>
    <subfield code="1">0</subfield>
    <subfield code="2">ddc</subfield>
    <subfield code="4">0</subfield>
    <subfield code="7">0</subfield>
    <subfield code="a">RAU</subfield>
    <subfield code="b">RAU</subfield>
    <subfield code="d">2025-10-15</subfield>
    <subfield code="e">DBA, Delhi</subfield>
    <subfield code="g">195.00</subfield>
    <subfield code="l">0</subfield>
    <subfield code="o">333.72 D22E</subfield>
    <subfield code="p">84912</subfield>
    <subfield code="r">2025-10-15</subfield>
    <subfield code="w">2025-07-15</subfield>
    <subfield code="y">BK</subfield>
    <subfield code="k">DBS/004/2025-2026</subfield>
  </datafield>
</record>
